000 01196cam a2200253 4500
001 ABS66175
008 021204n2002 000 0 eng u
035 _a(Sirsi) u120669
245 _aUCB Group Ltd v Hedworth
260 _c2002
490 _aEstates Gazette Law Reports
_v[2002] 46 EG 200-203(4)
520 _aCA 24 May 2002. The appellant (U) contended that beneficiary under a bare trust of registered land who was in receipt of of periodic payments under a tenancy by estoppel of the land granted by the beneficiary, is not in receipt of 'rents' of the land within the meaning of the Land Registration Act 1925 s70(1)(g) and thus not entitled to an overriding interest. "Held", the appeal was allowed. View at www.courtservice.gov.uk.
590 _aABS
650 _aUCB GROUP LTD V HEDWORTH
650 _aLAND REGISTRATION
650 _aOVERRIDING INTEREST
650 _aLAND REGISTRATION ACT 1925 S70(1)(G)
650 _aESTOPPEL
650 _aCIVIL PROCEDURE RULES 1998
650 _aREGISTERED LAND
690 _aPROPERTY AND LAND LAW-CASE LAW
856 _uhttps://www.courtservice.gov.uk/View.do?id=1195
_zView judgement on theCourt Service website...
942 _n0
999 _c71709
_d71709